[Event "Medellin Sub zt 2.3.2"]
[Site "Medellin"]
[Date "2025.04.19"]
[Round "9"]
[White "Arango, Andres Mauricio"]
[Black "Salamanca, Juan Manuel"]
[Result "1-0"]
[WhiteElo "2015"]
[BlackElo "1828"]
[PlyCount "73"]
[EventDate "2025.04.14"]
[EventType "swiss"]
[EventRounds "9"]
[EventCountry "COL"]
[SourceTitle "CB18_2025"]
[SourceDate "2025.04.30"]
[SourceVersion "1"]
[SourceVersionDate "2025.04.30"]
[SourceQuality "1"]

1. e4 c5 2. Nc3 e6 3. Nf3 a6 4. d4 cxd4 5. Nxd4 b5 6. Bd3 Bc5 7. Nb3 Ba7 8. Qe2 d6 9. Be3 Nf6 10. a4 b4 11. Na2 Nc6 12. Bxa6 Bxe3 13. Bb5 Bxf2+ 14. Qxf2 Bd7 15. 0-0 0-0 16. Rae1 Rb8 17. Kh1 Ne5 18. Nd4 Bxb5 19. axb5 b3 20. Nb4 Qb6 21. c3 Nfd7 22. Qg3 Ra8 23. h4 Nc4 24. Re2 Nde5 25. h5 h6 26. Ref2 Ra4 27. Nxe6 fxe6 28. Rxf8+ Kh7 29. Nc6 Qe3 30. Qh4 Nxb2 31. Qd8 Nf7 32. R8xf7 Qg5 33. Qxg5 hxg5 34. Nd4 Nd3 35. Nxb3 Rxe4 36. b6 Nf4 37. R7xf4 1-0

[Event "Medellin Sub zt 2.3.2"]
[Site "Medellin"]
[Date "2025.04.17"]
[Round "6"]
[White "Gallego, Julian Andres"]
[Black "Arango, Andres Mauricio"]
[Result "1-0"]
[WhiteElo "2189"]
[BlackElo "2015"]
[PlyCount "73"]
[EventDate "2025.04.14"]
[EventType "swiss"]
[EventRounds "9"]
[EventCountry "COL"]
[SourceTitle "CB18_2025"]
[SourceDate "2025.04.30"]
[SourceVersion "1"]
[SourceVersionDate "2025.04.30"]
[SourceQuality "1"]

1. d4 d5 2. c4 e6 3. Nc3 Be7 4. e4 dxe4 5. Nxe4 Nf6 6. Nxf6+ Bxf6 7. Nf3 c5 8. dxc5 Qxd1+ 9. Kxd1 Na6 10. c6 bxc6 11. Bd3 Nc5 12. Bc2 Ba6 13. Nd2 0-0-0 14. Ke2 Rd4 15. b3 Rhd8 16. Rb1 Nd3 17. Bxd3 Rxd3 18. Ne4 Be7 19. Be3 f5 20. Bc5 Bxc5 21. Nxc5 Rd2+ 22. Ke3 e5 23. g4 f4+ 24. Kf3 Rxa2 25. Ra1 Rdd2 26. Nxa6 Rxf2+ 27. Ke4 Rae2+ 28. Kf5 e4 29. Nc5 g6+ 30. Ke5 e3 31. Rxa7 f3 32. Rha1 Ra2 33. R1xa2 Rxa2 34. Rxa2 f2 35. Kd6 Kb8 36. Kxc6 f1Q 37. Nd7+ 1-0

[Event "Medellin Sub zt 2.3.2"]
[Site "Medellin"]
[Date "2025.04.16"]
[Round "4"]
[White "Arango, Andres Mauricio"]
[Black "Hernandez Serrano, Cristhian Daniel"]
[Result "1-0"]
[WhiteElo "2015"]
[BlackElo "1877"]
[PlyCount "85"]
[EventDate "2025.04.14"]
[EventType "swiss"]
[EventRounds "9"]
[EventCountry "COL"]
[SourceTitle "CB18_2025"]
[SourceDate "2025.04.30"]
[SourceVersion "1"]
[SourceVersionDate "2025.04.30"]
[SourceQuality "1"]

1. e4 c5 2. Nc3 Nc6 3. Nge2 Nf6 4. d4 cxd4 5. Nxd4 d6 6. Bc4 Bd7 7. f3 a6 8. a4 g6 9. Be3 Bg7 10. Qd2 h5 11. Nb3 Na5 12. Nxa5 Qxa5 13. 0-0 Bc6 14. Rfb1 Qc7 15. Bf1 a5 16. Nb5 Qd8 17. Ra3 0-0 18. Bh6 Bxh6 19. Qxh6 Qb6+ 20. Kh1 Rac8 21. c4 h4 22. Qxh4 Kg7 23. Qe1 Qc5 24. Re3 Qg5 25. Na7 Rb8 26. Nxc6 bxc6 27. e5 dxe5 28. Rxe5 Qf4 29. Qe3 Qh4 30. g3 Qh7 31. Qc3 Rh8 32. h4 Qh6 33. Kg1 Rhd8 34. f4 Kf8 35. Rbe1 Rd7 36. Rxe7 Rxe7 37. Rxe7 Ng4 38. Re1 Qh5 39. c5 Kg8 40. Bg2 Qf5 41. Be4 Rb3 42. Bxf5 Rxc3 43. bxc3 1-0

[Event "American Continental Rapid 18th"]
[Site "Medellin"]
[Date "2024.06.01"]
[Round "4"]
[White "Arango, Andres Mauricio"]
[Black "Delgado Romero, Marco"]
[Result "1/2-1/2"]
[WhiteElo "1997"]
[BlackElo "2341"]
[PlyCount "101"]
[EventDate "2024.06.01"]
[EventType "swiss (rapid)"]
[EventRounds "9"]
[EventCountry "COL"]
[SourceTitle "CBM 220 Extra"]
[Source "ChessBase"]
[SourceDate "2024.07.31"]
[SourceVersion "1"]
[SourceVersionDate "2024.07.31"]
[SourceQuality "1"]

1. e4 c5 2. Nc3 g6 3. d3 Bg7 4. Be3 d6 5. Qd2 Nc6 6. Nge2 Bd7 7. d4 cxd4 8. Nxd4 Nf6 9. f3 Rc8 10. g4 Ne5 11. h4 Qa5 12. h5 Bxg4 13. fxg4 Nfxg4 14. hxg6 Rxc3 15. gxf7+ Kxf7 16. Qxc3 Qxc3+ 17. bxc3 Nxe3 18. Bh3 N5g4 19. Ke2 h5 20. Bxg4 Nxg4 21. Raf1+ Bf6 22. Nf3 Rc8 23. Rxh5 Rxc3 24. Kd2 Ra3 25. e5 dxe5 26. Nxe5+ Nxe5 27. Rxe5 Rxa2 28. Rc5 Rb2 29. Kd3 Ke6 30. Ra5 a6 31. Re1+ Kd6 32. Re4 Rb1 33. Kd2 Rg1 34. Ra3 Kd5 35. Rb4 Kc6 36. c4 Rg2+ 37. Kd1 Bd4 38. Rh3 e5 39. Rh6+ Kc5 40. Rxb7 Kxc4 41. Rxa6 Bc3 42. Ra3 Bd4 43. Rc7+ Kd5 44. Rh7 Rb2 45. Rh4 Kc4 46. Ra5 Kd3 47. Ra3+ Kc4 48. Ra5 Kd3 49. Ra3+ Kc4 50. Ra5 Kd3 51. Ra3+ 1/2-1/2

[Event "American Continental Rapid 18th"]
[Site "Medellin"]
[Date "2024.06.01"]
[Round "5"]
[White "Torres, Juan Camilo"]
[Black "Arango, Andres Mauricio"]
[Result "1-0"]
[WhiteElo "2295"]
[BlackElo "1997"]
[PlyCount "111"]
[EventDate "2024.06.01"]
[EventType "swiss (rapid)"]
[EventRounds "9"]
[EventCountry "COL"]
[SourceTitle "CBM 220 Extra"]
[Source "ChessBase"]
[SourceDate "2024.07.31"]
[SourceVersion "1"]
[SourceVersionDate "2024.07.31"]
[SourceQuality "1"]

1. d4 d5 2. c4 c6 3. Nf3 Nf6 4. Nc3 e6 5. Bg5 Nbd7 6. e3 Bd6 7. Qc2 h6 8. Bh4 0-0 9. cxd5 exd5 10. Bd3 Re8 11. 0-0 Nf8 12. Bg3 Ne6 13. Rab1 a5 14. Ne5 Qe7 15. f4 Nf8 16. Bh4 Qd8 17. Rbd1 Be7 18. Bxf6 Bxf6 19. Rd2 Be7 20. Rdf2 f6 21. Ng6 Bb4 22. Rf3 Be6 23. Rg3 Nxg6 24. Bxg6 Re7 25. Ne2 Bf7 26. Bxf7+ Rxf7 27. Qg6 Qe8 28. Qxh6 Qxe3+ 29. Rxe3 gxh6 30. f5 Re7 31. Rg3+ Rg7 32. Rxg7+ Kxg7 33. Nf4 a4 34. a3 Bd2 35. Ne6+ Kf7 36. Kf2 h5 37. Rd1 Bh6 38. g3 Ke7 39. Nc5 b6 40. Re1+ Kf7 41. Nd7 b5 42. Re2 Rd8 43. Nc5 Re8 44. Ne6 Rb8 45. Rc2 b4 46. Rxc6 bxa3 47. bxa3 Rb2+ 48. Ke1 Ra2 49. Nc7 Rxa3 50. Nxd5 Rd3 51. Rxf6+ Kg7 52. Rg6+ Kf7 53. Rxh6 Rxd4 54. Rh7+ Kf8 55. Nf4 Rb4 56. f6 1-0

[Event "American Continental 18th"]
[Site "Medellin"]
[Date "2024.05.25"]
[Round "3"]
[White "Arango, Andres Mauricio"]
[Black "Orrego Sucerquia, Tatiana"]
[Result "1-0"]
[WhiteElo "1966"]
[BlackElo "1777"]
[PlyCount "81"]
[EventDate "2024.05.24"]
[EventType "swiss"]
[EventRounds "11"]
[EventCountry "COL"]
[SourceTitle "CBM 220 Extra"]
[Source "ChessBase"]
[SourceDate "2024.07.31"]
[SourceVersion "1"]
[SourceVersionDate "2024.07.31"]
[SourceQuality "1"]

1. e4 e5 2. Nf3 Nc6 3. Bb5 Nf6 4. d3 Bc5 5. 0-0 Nd4 6. Nxd4 Bxd4 7. c3 Bb6 8. Ba4 h6 9. d4 exd4 10. e5 Nd5 11. Qg4 Kf8 12. Bb3 d6 13. Qf3 c6 14. c4 dxe5 15. cxd5 c5 16. Nd2 f5 17. Nc4 Bc7 18. d6 Bxd6 19. Qd5 Bc7 20. Qxd8+ Bxd8 21. Nxe5 Rh7 22. Ng6+ Ke8 23. Re1+ Kd7 24. Bg8 Ba5 25. Re7+ Kd6 26. Bxh7 Bd8 27. Bf4+ Kc6 28. Rxg7 Be6 29. Ne7+ Kb5 30. Bxf5 Bxf5 31. Nxf5 Ka6 32. Rg8 Rc8 33. Nd6 Ra8 34. Nf7 Bg5 35. Rxa8 Bxf4 36. Kf1 b6 37. Ke2 Kb7 38. Rh8 c4 39. Kf3 Bc7 40. Rxh6 d3 41. Nd6+ 1-0

[Event "American Continental 18th"]
[Site "Medellin"]
[Date "2024.05.25"]
[Round "2"]
[White "Blanco Fernandez, Lino Orlando"]
[Black "Arango, Andres Mauricio"]
[Result "1-0"]
[WhiteElo "2299"]
[BlackElo "1966"]
[PlyCount "57"]
[EventDate "2024.05.24"]
[EventType "swiss"]
[EventRounds "11"]
[EventCountry "COL"]
[SourceTitle "CBM 220 Extra"]
[Source "ChessBase"]
[SourceDate "2024.07.31"]
[SourceVersion "1"]
[SourceVersionDate "2024.07.31"]
[SourceQuality "1"]

1. e4 c5 2. c3 e6 3. d4 d5 4. e5 Nc6 5. Nf3 Qb6 6. a3 a5 7. Bd3 Bd7 8. 0-0 f5 9. exf6 Nxf6 10. Ne5 Bd6 11. Nxd7 Kxd7 12. dxc5 Bxc5 13. c4 Rhf8 14. cxd5 Nxd5 15. Nc3 Bxf2+ 16. Kh1 Qd4 17. Qe2 Rae8 18. Be4 Qc5 19. Bxd5 exd5 20. Qg4+ Kd8 21. Bg5+ Kc7 22. Bf4+ Kd8 23. Nxd5 Qxd5 24. Rxf2 Qe6 25. Bg5+ Rf6 26. Bxf6+ gxf6 27. Rd1+ Kc7 28. Qxe6 Rxe6 29. Rdf1 1-0

[Event "Medellin Antioquia-ch"]
[Site "Medellin"]
[Date "2024.05.01"]
[Round "2"]
[White "Arango, Andres Mauricio"]
[Black "Moreno Rios, Mateo"]
[Result "1-0"]
[WhiteElo "1972"]
[BlackElo "1780"]
[PlyCount "37"]
[EventDate "2024.05.01"]
[EventType "swiss"]
[EventRounds "7"]
[EventCountry "COL"]
[SourceTitle "CBM 220 Extra"]
[Source "ChessBase"]
[SourceDate "2024.07.31"]
[SourceVersion "1"]
[SourceVersionDate "2024.07.31"]
[SourceQuality "1"]

1. e4 d6 2. d4 Nf6 3. Nc3 g6 4. Be3 c6 5. Qd2 b5 6. f3 Qa5 7. Bd3 Nbd7 8. Nge2 Nb6 9. b3 b4 10. Nd1 Nbd7 11. Nb2 c5 12. a3 Ba6 13. 0-0 Bxd3 14. Nxd3 Qc7 15. axb4 cxd4 16. Nxd4 Bg7 17. Nb5 Qb7 18. Rxa7 Rxa7 19. Nxa7 1-0

[Event "Medellin op"]
[Site "Medellin"]
[Date "2024.04.13"]
[Round "5"]
[White "Arango, Andres Mauricio"]
[Black "Cuervo Velasquez, Juan Manuel"]
[Result "1-0"]
[WhiteElo "1972"]
[BlackElo "1797"]
[PlyCount "67"]
[EventDate "2024.04.10"]
[EventType "swiss"]
[EventRounds "7"]
[EventCountry "COL"]
[SourceTitle "EXT 2025"]
[Source "ChessBase"]
[SourceDate "2024.10.14"]
[SourceVersion "1"]
[SourceVersionDate "2024.10.14"]
[SourceQuality "1"]

1. e4 c5 2. Nc3 d6 3. Nge2 Nf6 4. d4 cxd4 5. Nxd4 a6 6. Bc4 e6 7. Bb3 b5 8. Qe2 Qb6 9. Be3 Qb7 10. f3 Be7 11. g4 Nc6 12. Nxc6 Qxc6 13. g5 Nd7 14. h4 Nc5 15. a3 Nxb3 16. cxb3 Bd7 17. b4 0-0 18. Qd3 f5 19. 0-0-0 fxe4 20. fxe4 Rf3 21. Rdf1 Raf8 22. Rxf3 Rxf3 23. Qe2 Rf8 24. Rd1 d5 25. Qd3 Rf3 26. exd5 exd5 27. Qxd5+ Qxd5 28. Nxd5 Bf8 29. Bc5 Bf5 30. Nc7 Bd3 31. Ne6 Bxc5 32. bxc5 Bc4 33. Rd8+ Kf7 34. Rf8+ 1-0

[Event "Medellin de La Raza op"]
[Site "Medellin"]
[Date "2023.10.12"]
[Round "2"]
[White "Arango, Andres Mauricio"]
[Black "Gonzalez Lopez, Nicolas Mateo"]
[Result "0-1"]
[WhiteElo "2003"]
[BlackElo "2205"]
[PlyCount "70"]
[EventDate "2023.10.12"]
[EventType "swiss"]
[EventRounds "10"]
[EventCountry "COL"]
[SourceTitle "CBM 216 Extra"]
[Source "ChessBase"]
[SourceDate "2023.11.30"]
[SourceVersion "1"]
[SourceVersionDate "2023.11.30"]
[SourceQuality "1"]

1. e4 e5 2. Nf3 Nc6 3. Bb5 g6 4. c3 Bg7 5. d4 exd4 6. cxd4 a6 7. Bc4 Nge7 8. Nc3 b5 9. Bb3 h6 10. a4 b4 11. Nd5 d6 12. a5 Bg4 13. Be3 0-0 14. h3 Bxf3 15. Qxf3 Nxd5 16. Bxd5 Nxd4 17. Qd1 c5 18. Bxa8 Qxa8 19. f3 f5 20. 0-0 Re8 21. Bf4 fxe4 22. fxe4 Rxe4 23. Bxd6 Qd5 24. Bh2 c4 25. Rf2 c3 26. Kh1 Qe6 27. bxc3 bxc3 28. Rc1 Ne2 29. Qd8+ Kh7 30. Rc2 Nd4 31. Rc1 Re1+ 32. Rf1 Rxf1+ 33. Rxf1 c2 34. Qc7 Qe2 35. Rc1 Qd1+ 0-1